| 000 | 00755nam a2200229Ia 4500 | ||
|---|---|---|---|
| 008 | 191130s2008##################000#0#eng## | ||
| 020 | _a9781416560739 | ||
| 022 | _a2007048226 | ||
| 040 |
_aACL _cACL |
||
| 082 | _a649.10851 BER | ||
| 100 | _aBernstein, Neil I | ||
| 245 |
_aThere when he needs you : how to be an available, involved, and emotionally connected father to your son _cNeil I. Bernstein ; with Brooke Lea Foster |
||
| 250 | _a1st Free Press hardcover ed | ||
| 260 |
_aNew York _bFree Press _c2008 |
||
| 300 | _aix, 239 p. ; 24 cm | ||
| 500 | _aIncludes bibliographical references and index | ||
| 650 | _aFathers | ||
| 650 | _aFathers and sons | ||
| 990 | _aaac0299cac10000c1dea0c48de5d973b | ||
| 991 | _a342895 | ||
| 999 |
_c77660 _d77660 |
||